[Event "K41 Foraars EMT Basis 1 2009"]
[Site "Valby"]
[Date "2009.03.17"]
[Round "1"]
[White "Nielsen, Jorgen Holmstrom"]
[Black "Weber, John"]
[Result "0-1"]
[WhiteElo "1614"]
[BlackElo "1702"]
[PlyCount "46"]
[EventDate "2009.??.??"]

1. Nc3 e5 2. Nf3 Nc6 3. d4 exd4 4. Nxd4 Bc5 5. Nxc6 bxc6 6. Bf4 Qf6 7. e3 Bb6
8. Bd3 d5 9. O-O g5 10. Bg3 h5 11. Qf3 Qxf3 12. gxf3 h4 13. Be5 f6 14. Bg6+ Kf8
15. Bd4 c5 16. Bxc5+ Bxc5 17. Nxd5 c6 18. Nc3 Kg7 19. Be4 Ne7 20. a3 g4 21. b4
Bb6 22. b5 f5 23. bxc6 fxe4 0-1

[Event "K41 Foraars EMT Basis 1 2009"]
[Site "Valby"]
[Date "2009.03.17"]
[Round "1"]
[White "Krull, Carl"]
[Black "Mouritsen, Jan"]
[Result "0-1"]
[WhiteElo "1512"]
[BlackElo "1561"]
[PlyCount "74"]
[EventDate "2009.??.??"]

1. e4 c5 2. Nf3 d6 3. d4 cxd4 4. Qxd4 Nc6 5. Bb5 Bd7 6. Bxc6 Bxc6 7. Nc3 Qc7 8.
Nd5 Bxd5 9. Qxd5 Nf6 10. Qd3 g6 11. b3 Bg7 12. Bb2 O-O 13. O-O Rfd8 14. c4 Ng4
15. Bxg7 Kxg7 16. Qd4+ Ne5 17. Nd2 Qc5 18. Qc3 b5 19. Kh1 b4 20. Qg3 a5 21. f4
Nc6 22. f5 Qe5 23. Qg4 a4 24. Nf3 Qf6 25. Rad1 axb3 26. axb3 Ne5 27. Qg3 Nxf3
28. gxf3 Ra5 29. f4 Rda8 30. fxg6 hxg6 31. Qe1 Ra2 32. e5 dxe5 33. Qxe5 Rh8 34.
Rf3 Raxh2+ 35. Kg1 Rh1+ 36. Kf2 Rxd1 37. Qa5 Qd4+ 0-1

[Event "K41 Foraars EMT Basis 1 2009"]
[Site "Valby"]
[Date "2009.03.17"]
[Round "1"]
[White "Ibsen, Johan"]
[Black "Karup, Jesper"]
[Result "1-0"]
[WhiteElo "1743"]
[BlackElo "1682"]
[PlyCount "79"]
[EventDate "2009.??.??"]

1. f4 d5 2. Nf3 Nf6 3. e3 g6 4. c3 Bg7 5. d4 O-O 6. Bd3 b6 7. Qe2 Bb7 8. Nbd2
Nbd7 9. O-O c5 10. b3 Rc8 11. Bb2 e6 12. Ne5 h5 13. Ndf3 Nh7 14. e4 dxe4 15.
Bxe4 Bxe4 16. Qxe4 Nhf6 17. Qe2 cxd4 18. cxd4 Nd5 19. Nxg6 Re8 20. Nge5 Nxf4
21. Qe4 Nxe5 22. Nxe5 Bxe5 23. Qxe5 Ng6 24. Qxh5 Rc2 25. Rxf7 Kxf7 26. Qh7+ Kf6
27. Rf1+ Kg5 28. h4+ Nxh4 29. Qxc2 Nf5 30. Qe4 Qd6 31. Rxf5+ exf5 32. Qxe8 Qf4
33. d5 Qd2 34. Qe7+ Kg4 35. Qg7+ Kh5 36. Qe5 Kg6 37. Qf6+ Kh5 38. Qxf5+ Kh6 39.
Qf6+ Kh5 40. d6 1-0

[Event "K41 Foraars EMT Basis 1 2009"]
[Site "Valby"]
[Date "2009.03.24"]
[Round "2"]
[White "Karup, Jesper"]
[Black "Krull, Carl"]
[Result "1-0"]
[WhiteElo "1682"]
[BlackElo "1512"]
[PlyCount "105"]
[EventDate "2009.??.??"]

1. e4 e5 2. Nf3 Nc6 3. Bb5 a6 4. Ba4 Bc5 5. O-O d6 6. h3 Bd7 7. c3 b5 8. Bc2 f6
9. d4 Bb6 10. Be3 Nce7 11. Qe2 Ng6 12. Nbd2 Qe7 13. d5 Nf4 14. Bxf4 exf4 15.
Nb3 g5 16. Nfd4 h5 17. Qd3 Qe5 18. Nf3 Qe7 19. Nfd4 Nh6 20. Nf5 Qh7 21. Nbd4 g4
22. Rae1 O-O-O 23. a4 gxh3 24. Qxh3 Nxf5 25. Nxf5 Bxf5 26. exf5 Rdg8 27. Qh4
Qg7 28. Be4 Qh6 29. axb5 Rg4 30. Qh2 h4 31. Bf3 Rg5 32. Kh1 h3 33. g4 fxg3 34.
fxg3 axb5 35. Re4 Qg7 36. g4 Qd7 37. Rfe1 Rgg8 38. Re7 Qd8 39. Qe2 Kb8 40. Qxb5
Qc8 41. R1e6 Qd8 42. Rd7 Qe8 43. Rxe8+ Rxe8 44. Rxd6 Re1+ 45. Kh2 cxd6 46.
Qxb6+ Kc8 47. Qc6+ Kb8 48. Qxd6+ Ka7 49. Qc7+ Ka6 50. d6 Rhe8 51. Bb7+ Kb5 52.
Qc6+ Ka5 53. Qa6# 1-0

[Event "K41 Foraars EMT Basis 1 2009"]
[Site "Valby"]
[Date "2009.03.24"]
[Round "2"]
[White "Weber, John"]
[Black "Mouritsen, Jan"]
[Result "1-0"]
[WhiteElo "1702"]
[BlackElo "1561"]
[PlyCount "67"]
[EventDate "2009.??.??"]

1. f4 Nf6 2. Nf3 g6 3. d4 d5 4. e3 Bg7 5. Bd3 O-O 6. Qe2 c5 7. c3 b6 8. Nbd2
Bb7 9. O-O Ne4 10. Ng5 Nxg5 11. fxg5 e5 12. dxe5 Nd7 13. Nf3 Nxe5 14. Nxe5 Bxe5
15. e4 Qc7 16. g3 Bxg3 17. hxg3 Qxg3+ 18. Kh1 dxe4 19. Ba6 Bc6 20. Bb5 Bxb5 21.
Qxb5 Rad8 22. Qe2 Qh3+ 23. Kg1 Rd3 24. Qxe4 Rg3+ 25. Kf2 Rg4 26. Bf4 Qh4+ 27.
Ke3 Qh3+ 28. Rf3 Qg2 29. Rf2 Qh3+ 30. Ke2 Qh5 31. Kd2 Rd8+ 32. Kc2 Qh4 33. Qf3
c4 34. Rh1 1-0

[Event "K41 Foraars EMT Basis 1 2009"]
[Site "Valby"]
[Date "2009.03.24"]
[Round "2"]
[White "Eiholt, Bjarne"]
[Black "Ibsen, Johan"]
[Result "0-1"]
[WhiteElo "1517"]
[BlackElo "1743"]
[PlyCount "122"]
[EventDate "2009.??.??"]

1. d4 e6 2. c4 f5 3. Nc3 Nf6 4. Nf3 d5 5. Bf4 c6 6. e3 Be7 7. cxd5 exd5 8. Bd3
O-O 9. O-O Ne4 10. Rc1 Nd7 11. Ne5 Nxe5 12. Bxe5 Be6 13. a3 Qe8 14. b4 Bf7 15.
Ne2 a5 16. f3 Ng5 17. Qd2 axb4 18. axb4 Bg6 19. Nc3 Bxb4 20. Rb1 c5 21. Rxb4
cxb4 22. Nxd5 Rc8 23. Qxb4 Kh8 24. Ne7 Ra8 25. d5 Nf7 26. Bd4 Qd7 27. Bb5 Qd6
28. Bc5 Qd8 29. Nxg6+ hxg6 30. Bxf8 Qxf8 31. Qh4+ Kg8 32. Rc1 Qd6 33. e4 Qb6+
34. Qf2 Qxb5 35. Qg3 Qb6+ 36. Kf1 Qb5+ 37. Kg1 Qa6 38. Rd1 Qb6+ 39. Kf1 Qd6 40.
Qxd6 Nxd6 41. e5 Nc4 42. Re1 Kf8 43. f4 Nd2+ 44. Kg1 Ke7 45. Rc1 Ne4 46. g3 Kd7
47. Rb1 Rb8 48. Rb6 g5 49. Rg6 gxf4 50. Rxg7+ Kc8 51. gxf4 b5 52. d6 Rb7 53.
Rg8+ Kd7 54. Rg7+ Kc6 55. Rg8 b4 56. Rc8+ Kd7 57. Rc1 b3 58. Rb1 b2 59. h4 Nd2
60. h5 Nxb1 61. h6 Ke6 0-1

[Event "K41 Foraars EMT Basis 1 2009"]
[Site "Valby"]
[Date "2009.03.24"]
[Round "2"]
[White "Nielsen, Jorgen Holmstrom"]
[Black "Nielsen, Jais Norgaard"]
[Result "1-0"]
[WhiteElo "1614"]
[BlackElo "1587"]
[PlyCount "26"]
[EventDate "2009.??.??"]

1. b3 Nf6 2. Bb2 d5 3. e3 e6 4. f4 Nc6 5. Nf3 Bd6 6. Be2 Bd7 7. Ne5 Bxe5 8.
fxe5 Ne4 9. O-O f5 10. exf6 gxf6 11. Bh5+ Ke7 12. d3 Qf8 13. dxe4 e5 1-0

[Event "K41 Foraars EMT Basis 1 2009"]
[Site "Valby"]
[Date "2009.03.31"]
[Round "3"]
[White "Mouritsen, Jan"]
[Black "Karup, Jesper"]
[Result "1/2-1/2"]
[WhiteElo "1561"]
[BlackElo "1682"]
[PlyCount "107"]
[EventDate "2009.??.??"]

1. d4 e6 2. c4 Nf6 3. Nc3 Bb4 4. Qc2 O-O 5. a3 Bxc3+ 6. Qxc3 b6 7. e3 Ne4 8.
Qc2 Bb7 9. Nf3 a5 10. Bd3 f5 11. O-O Qe8 12. Bd2 d6 13. Ne1 Qg6 14. f3 Ng5 15.
b4 axb4 16. Bxb4 Nc6 17. Bc3 Na5 18. c5 bxc5 19. dxc5 Bd5 20. Bb4 Nc6 21. Bc3
Rfb8 22. f4 Nf7 23. Nf3 Rb3 24. cxd6 cxd6 25. g3 Rbxa3 26. Nh4 Qh6 27. Rxa3
Rxa3 28. Ra1 Rxa1+ 29. Bxa1 g5 30. Nxf5 exf5 31. Bb5 Qe6 32. Qc3 Nce5 33. fxe5
Nxe5 34. Be2 Qd7 35. Qa5 Qb7 36. Qd8+ Kf7 37. Bh5+ Ng6 38. Qf6+ Ke8 39. Qxf5
Be4 40. Qe6+ Kf8 41. Qxd6+ Ke8 42. Qe6+ Kf8 43. Qf6+ Ke8 44. Qh8+ Kd7 45. Bg4+
Kc7 46. Qxh7+ Kd6 47. Qxb7 Bxb7 48. Bf6 Ne5 49. Bxe5+ Kxe5 50. Kf2 Be4 51. Bf3
Bf5 52. e4 Bd7 53. Ke3 g4 54. Bd1 1/2-1/2

[Event "K41 Foraars EMT Basis 1 2009"]
[Site "Valby"]
[Date "2009.03.31"]
[Round "3"]
[White "Ibsen, Johan"]
[Black "Nielsen, Jorgen Holmstrom"]
[Result "0-1"]
[WhiteElo "1743"]
[BlackElo "1614"]
[PlyCount "62"]
[EventDate "2009.??.??"]

1. f4 d5 2. Nf3 c5 3. e3 Nc6 4. Bb5 Bd7 5. O-O e6 6. b3 Bd6 7. Bb2 Nf6 8. Bxc6
Bxc6 9. d3 Qb6 10. Nbd2 Ng4 11. Qe1 f6 12. h3 Nh6 13. d4 Rg8 14. c4 O-O-O 15.
a3 g5 16. b4 gxf4 17. Rb1 Qc7 18. dxc5 Qg7 19. Rf2 Bc7 20. b5 Bd7 21. c6 bxc6
22. bxc6 Bxc6 23. Nd4 Bd7 24. Nb5 Bb6 25. c5 fxe3 26. Qxe3 Nf5 27. Qe2 Bxb5 28.
Qxb5 Bc7 29. c6 Bb6 30. Qa6+ Kb8 31. Bc3 Qxg2# 0-1

[Event "K41 Foraars EMT Basis 1 2009"]
[Site "Valby"]
[Date "2009.03.31"]
[Round "3"]
[White "Krull, Carl"]
[Black "Eiholt, Bjarne"]
[Result "1-0"]
[WhiteElo "1512"]
[BlackElo "1517"]
[PlyCount "35"]
[EventDate "2009.??.??"]

1. e4 c6 2. d4 d5 3. exd5 cxd5 4. Nc3 e6 5. a3 Nf6 6. Bg5 Be7 7. Bd3 Nc6 8. Nf3
h6 9. Be3 O-O 10. Ne2 Bd7 11. c3 Rc8 12. Ng3 Bd6 13. Qc1 Na5 14. Bc2 Bb5 15.
Bxh6 gxh6 16. Qxh6 Re8 17. Ng5 Bf8 18. Bh7+ 1-0

[Event "K41 Foraars EMT Basis 1 2009"]
[Site "Valby"]
[Date "2009.04.21"]
[Round "4"]
[White "Weber, John"]
[Black "Karup, Jesper"]
[Result "0-1"]
[WhiteElo "1702"]
[BlackElo "1682"]
[PlyCount "64"]
[EventDate "2009.??.??"]

1. f4 Nf6 2. Nf3 d5 3. d4 c5 4. e3 Bg4 5. Be2 Nc6 6. c3 e6 7. O-O Be7 8. Nbd2
Qb6 9. Ne5 Bxe2 10. Qxe2 h5 11. Qf3 Rf8 12. b3 cxd4 13. exd4 Nxd4 14. Qf2 Bc5
15. Kh1 Nxb3 16. Qg3 Nxa1 17. Qxg7 Ng4 18. Nd3 O-O-O 19. c4 Bd4 20. Qh7 Nf6 21.
Qh6 Nc2 22. c5 Qc7 23. Nb3 Ne4 24. Nxd4 Nxd4 25. Bb2 Nf5 26. Qh7 f6 27. Qxc7+
Kxc7 28. Rc1 Ne3 29. Kg1 Rg8 30. g3 h4 31. Re1 Nc4 32. Ba1 hxg3 0-1

[Event "K41 Foraars EMT Basis 1 2009"]
[Site "Valby"]
[Date "2009.04.21"]
[Round "4"]
[White "Eiholt, Bjarne"]
[Black "Mouritsen, Jan"]
[Result "0-1"]
[WhiteElo "1517"]
[BlackElo "1561"]
[PlyCount "92"]
[EventDate "2009.??.??"]

1. d4 d5 2. c4 e6 3. Nc3 Nf6 4. Bg5 Nbd7 5. cxd5 exd5 6. e3 c6 7. Bd3 Be7 8.
Qc2 O-O 9. Nge2 Re8 10. O-O Nf8 11. Rae1 Ng6 12. Kh1 Ne4 13. Bxe7 Qxe7 14. Nf4
Nxc3 15. Nxg6 hxg6 16. bxc3 Qg5 17. Qe2 Bf5 18. f3 Re7 19. e4 Rae8 20. e5 Bxd3
21. Qxd3 c5 22. f4 Qf5 23. Qf3 cxd4 24. cxd4 Qe6 25. g4 Rc7 26. f5 gxf5 27.
gxf5 Qh6 28. Re2 Rc1 29. Ref2 Rec8 30. Rxc1 Rxc1+ 31. Rf1 Rc2 32. Rf2 Qc1+ 33.
Kg2 Qg5+ 34. Kh1 Rc1+ 35. Rf1 Rxf1+ 36. Qxf1 Qe3 37. Qg1 Qe4+ 38. Qg2 Qxd4 39.
Qe2 Kf8 40. Qh5 Qxe5 41. Qh8+ Ke7 42. Qh4+ Ke8 43. Qa4+ Ke7 44. Qxa7 Qe4+ 45.
Kg1 d4 46. Qc5+ Kf6 0-1

[Event "K41 Foraars EMT Basis 1 2009"]
[Site "Valby"]
[Date "2009.04.21"]
[Round "4"]
[White "Nielsen, Jorgen Holmstrom"]
[Black "Krull, Carl"]
[Result "0-1"]
[WhiteElo "1614"]
[BlackElo "1512"]
[PlyCount "88"]
[EventDate "2009.??.??"]

1. Nc3 e5 2. Nf3 Nc6 3. d4 exd4 4. Nxd4 Nxd4 5. Qxd4 Qf6 6. Qxf6 Nxf6 7. Bf4 c6
8. O-O-O Bc5 9. f3 d5 10. g4 b5 11. e4 dxe4 12. g5 Nh5 13. Bc7 Be3+ 14. Kb1
Bxg5 15. Nxe4 Be7 16. Nd6+ Kf8 17. Nxc8 Rxc8 18. Be5 f6 19. Bh3 Rd8 20. Rxd8+
Bxd8 21. Rd1 Bb6 22. Bd6+ Kf7 23. c3 Rd8 24. Kc2 g6 25. Bg2 Ke6 26. Ba3 Rxd1
27. Kxd1 Nf4 28. Bf1 Bg1 29. h3 a6 30. c4 Kf5 31. cxb5 cxb5 32. Bb4 Bd4 33. Kc1
Bb6 34. Bd2 Ke5 35. a4 bxa4 36. Bxa6 Nxh3 37. Bb5 g5 38. Bxa4 h5 39. b4 Bd4 40.
b5 h4 41. Ba5 Nf4 42. b6 Bxb6 43. Bxb6 h3 44. Bc7+ Kd5 0-1

[Event "K41 Foraars EMT Basis 1 2009"]
[Site "Valby"]
[Date "2009.04.21"]
[Round "4"]
[White "Nielsen, Jais Norgaard"]
[Black "Ibsen, Johan"]
[Result "0-1"]
[WhiteElo "1587"]
[BlackElo "1743"]
[PlyCount "110"]
[EventDate "2009.??.??"]

1. e4 e6 2. d4 d5 3. e5 c5 4. Nf3 Nc6 5. Bb5 Bd7 6. c4 a6 7. cxd5 axb5 8. dxc6
bxc6 9. dxc5 Bxc5 10. O-O Ne7 11. Bg5 Qb6 12. Bxe7 Bxe7 13. Nc3 Rd8 14. Ne4 O-O
15. Qc2 h6 16. Rfc1 Rc8 17. Nc5 Rfd8 18. b4 Be8 19. Nd2 Rd4 20. Qb2 Rcd8 21.
Nf3 R4d5 22. Qc2 Qc7 23. h3 Qa7 24. a4 bxa4 25. Rxa4 Qb6 26. Qc4 Qb5 27. Qxb5
cxb5 28. Ra7 Bxc5 29. bxc5 Rc8 30. Rb7 Rdxc5 31. Rxc5 Rxc5 32. Rb8 Kf8 33. Kf1
Ke7 34. Rb7+ Kd8 35. Ra7 b4 36. Rb7 Rb5 37. Rxb5 Bxb5+ 38. Ke1 Kc7 39. Kd2 Kb6
40. g3 Kc5 41. Kc2 Ba4+ 42. Kd2 Bb5 43. Kc2 Ba4+ 44. Kd3 Kd5 45. h4 Bb5+ 46.
Kc2 Bc4 47. Nd2 f6 48. exf6 gxf6 49. f4 h5 50. g4 hxg4 51. h5 Kd4 52. h6 Bd3+
53. Kd1 Ke3 54. Nf1+ Kxf4 55. Kd2 Bh7 0-1

[Event "K41 Foraars EMT Basis 1 2009"]
[Site "Valby"]
[Date "2009.04.28"]
[Round "5"]
[White "Ibsen, Johan"]
[Black "Weber, John"]
[Result "1/2-1/2"]
[WhiteElo "1743"]
[BlackElo "1702"]
[PlyCount "140"]
[EventDate "2009.??.??"]

1. d4 f5 2. g3 Nf6 3. Bg2 g6 4. c3 Bg7 5. Nh3 d6 6. Qb3 d5 7. O-O c6 8. Nd2 O-O
9. Nf3 Ng4 10. Nf4 e5 11. dxe5 Nxe5 12. Nd4 Re8 13. Bd2 Nc4 14. Qc2 Na6 15. Bc1
Nc7 16. b3 Nd6 17. Nd3 Ncb5 18. Nxb5 Nxb5 19. Bb2 Qd6 20. a4 Nc7 21. Ba3 Qf6
22. Rac1 b6 23. Rfd1 Be6 24. Bd6 Rac8 25. Be5 Qf7 26. Bxg7 Qxg7 27. f4 Na6 28.
b4 Nb8 29. Ne5 Rc7 30. Qd3 Kf8 31. b5 Rd8 32. c4 Rd6 33. c5 bxc5 34. Rxc5 cxb5
35. Rxb5 Nd7 36. Qa3 Qe7 37. Qb2 Nf6 38. Rb8+ Kg7 39. Rc1 Kh6 40. Rxc7 Qxc7 41.
Rb7 Qc5+ 42. Kh1 Qa5 43. h3 Qe1+ 44. Kh2 Nh5 45. Qa3 Rd8 46. Rxa7 Rc8 47. a5 d4
48. a6 Qf2 49. Nf7+ Bxf7 50. Rxf7 Qxe2 51. Qe7 Qxe7 52. Rxe7 Nf6 53. a7 Ne4 54.
Bxe4 fxe4 55. Rxe4 d3 56. Rd4 Ra8 57. Rxd3 Rxa7 58. g4 Kg7 59. Kg3 Rf7 60. h4
h6 61. g5 h5 62. Kf3 Re7 63. Rd5 Kf7 64. Re5 Ra7 65. f5 Ra3+ 66. Kf4 gxf5 67.
Rxf5+ Kg7 68. Rf6 Ra4+ 69. Ke5 Ra5+ 70. Ke6 Ra6+ 1/2-1/2

[Event "K41 Foraars EMT Basis 1 2009"]
[Site "Valby"]
[Date "2009.04.28"]
[Round "5"]
[White "Mouritsen, Jan"]
[Black "Nielsen, Jorgen Holmstrom"]
[Result "1-0"]
[WhiteElo "1561"]
[BlackElo "1614"]
[PlyCount "50"]
[EventDate "2009.??.??"]

1. e4 Nf6 2. e5 Nd5 3. d4 d6 4. Nf3 Bg4 5. Be2 Nd7 6. exd6 cxd6 7. c4 N5f6 8.
Nc3 e6 9. O-O Be7 10. h3 Bh5 11. Be3 O-O 12. d5 b6 13. dxe6 fxe6 14. Nd4 Bf7
15. Nc6 Qe8 16. Nb5 Nc5 17. Nxe7+ Qxe7 18. Qxd6 Qxd6 19. Nxd6 Ncd7 20. Nxf7
Rxf7 21. Rad1 Rc8 22. b3 Ne4 23. Bg4 Rc6 24. Bf3 Rxf3 25. gxf3 Nef6 1-0

[Event "K41 Foraars EMT Basis 1 2009"]
[Site "Valby"]
[Date "2009.04.28"]
[Round "5"]
[White "Krull, Carl"]
[Black "Nielsen, Jais Norgaard"]
[Result "1-0"]
[WhiteElo "1512"]
[BlackElo "1587"]
[PlyCount "129"]
[EventDate "2009.??.??"]

1. e4 c5 2. Nf3 Nc6 3. d4 cxd4 4. Nxd4 e5 5. Nxc6 bxc6 6. Nc3 Nf6 7. Bg5 Be7 8.
Bc4 Qb6 9. Rb1 d5 10. Bxf6 dxc4 11. Bxe5 f6 12. Bd6 Qd8 13. Bxe7 Qxe7 14. O-O
Be6 15. Qh5+ Bf7 16. Qg4 O-O 17. Rfd1 Be6 18. Qh4 g5 19. Qg3 Rad8 20. f3 h5 21.
Ne2 Qb4 22. Rxd8 Rxd8 23. c3 Qa4 24. Nd4 Qxa2 25. Qe1 Bd7 26. Qc1 Qa5 27. f4 c5
28. Nf3 Ba4 29. Qf1 Bc2 30. Qxc4+ Kf8 31. Rc1 Bd3 32. Qe6 Qb6 33. Qxb6 axb6 34.
fxg5 Bxe4 35. gxf6 Bxf3 36. gxf3 Rd2 37. b4 c4 38. h4 Kf7 39. Ra1 Rd3 40. Kf2
Rxc3 41. Ra6 Kxf6 42. Rxb6+ Kf5 43. Rb5+ Kf4 44. Rxh5 Rxf3+ 45. Ke2 c3 46. Rc5
Re3+ 47. Kd1 Ke4 48. Kc2 Kd4 49. Kb3 Rh3 50. h5 Rh2 51. Rc4+ Ke5 52. Rxc3 Kf6
53. Rc6+ Kg7 54. h6+ Kh7 55. b5 Rh1 56. Kb4 Rb1+ 57. Ka5 Ra1+ 58. Kb6 Rb1 59.
Ka6 Ra1+ 60. Kb7 Rb1 61. b6 Rb2 62. Kc8 Re2 63. b7 Re8+ 64. Kc7 Re7+ 65. Kb6
1-0

[Event "K41 Foraars EMT Basis 1 2009"]
[Site "Valby"]
[Date "2009.04.28"]
[Round "5"]
[White "Karup, Jesper"]
[Black "Eiholt, Bjarne"]
[Result "1-0"]
[WhiteElo "1682"]
[BlackElo "1517"]
[PlyCount "39"]
[EventDate "2009.??.??"]

1. e4 c6 2. d4 d5 3. Nc3 dxe4 4. Nxe4 Bf5 5. Ng3 Bg6 6. Bc4 Nf6 7. N1e2 e6 8.
O-O Bd6 9. f4 O-O 10. f5 exf5 11. Nxf5 Bxf5 12. Rxf5 Qc7 13. h3 Nbd7 14. Qf1
Nb6 15. Bd3 Rfe8 16. c4 Rad8 17. c5 Bh2+ 18. Kh1 Nbd5 19. Qf3 Ne4 20. Bxe4 1-0

[Event "K41 Foraars EMT Basis 1 2009"]
[Site "Valby"]
[Date "2009.05.05"]
[Round "6"]
[White "Nielsen, Jais Norgaard"]
[Black "Mouritsen, Jan"]
[Result "1-0"]
[WhiteElo "1587"]
[BlackElo "1561"]
[PlyCount "109"]
[EventDate "2009.??.??"]

1. e4 e6 2. Nf3 d5 3. exd5 exd5 4. Bb5+ c6 5. Ba4 Nf6 6. O-O Bd6 7. Re1+ Be6 8.
Ng5 O-O 9. Rxe6 h6 10. Rxd6 Qxd6 11. Nf3 Nbd7 12. d4 Ne4 13. c3 Ndf6 14. Bc2
Rfe8 15. Nbd2 Ng4 16. Nxe4 dxe4 17. Ne5 Nxe5 18. dxe5 Qxe5 19. Be3 c5 20. Qe2
Rad8 21. Re1 b6 22. g3 Kh8 23. Bf4 Qe6 24. Qxe4 Qxe4 25. Rxe4 Kg8 26. Rxe8+
Rxe8 27. Kf1 g5 28. Be3 Kg7 29. Ke2 Kf6 30. Kd3 h5 31. Kc4 a6 32. b4 cxb4 33.
cxb4 Rc8+ 34. Kb3 b5 35. Be4 Ke5 36. Bb7 Rc7 37. Bxa6 f6 38. Bxb5 h4 39. Bc4
Ke4 40. b5 h3 41. b6 Rb7 42. Bb5 Rb8 43. b7 Rd8 44. Ba7 Kf3 45. Bc6+ Ke2 46.
b8=Q Rxb8+ 47. Bxb8 Kxf2 48. Ba7+ Ke2 49. Bc5 f5 50. a4 f4 51. gxf4 gxf4 52. a5
f3 53. Bxf3+ Kd3 54. a6 Kd2 55. a7 1-0

[Event "K41 Foraars EMT Basis 1 2009"]
[Site "Valby"]
[Date "2009.05.05"]
[Round "6"]
[White "Weber, John"]
[Black "Eiholt, Bjarne"]
[Result "1-0"]
[WhiteElo "1702"]
[BlackElo "1517"]
[PlyCount "59"]
[EventDate "2009.??.??"]

1. f4 d5 2. Nf3 Bg4 3. e3 Nd7 4. d4 e6 5. Be2 Ngf6 6. Nc3 Bd6 7. Bd2 a6 8. a4
O-O 9. Ne5 Bxe2 10. Qxe2 c5 11. O-O Rc8 12. a5 cxd4 13. exd4 Bb4 14. Rfc1 Bxa5
15. Nxd5 Bxd2 16. Nxf6+ Nxf6 17. Qxd2 Qc7 18. c3 Rfd8 19. g3 Qd6 20. Qg2 Rc7
21. Ra3 Rdc8 22. Rca1 Nd5 23. Rb3 Ne3 24. Qe4 Nd5 25. Nd3 Nf6 26. Qf3 Nd5 27.
Nc5 Qe7 28. Kf2 f6 29. Re1 e5 30. Qxd5+ 1-0

[Event "K41 Foraars EMT Basis 1 2009"]
[Site "Valby"]
[Date "2009.05.05"]
[Round "6"]
[White "Nielsen, Jorgen Holmstrom"]
[Black "Karup, Jesper"]
[Result "1-0"]
[WhiteElo "1614"]
[BlackElo "1682"]
[PlyCount "49"]
[EventDate "2009.??.??"]

1. Nc3 c5 2. Nf3 Nf6 3. e3 d5 4. d4 e6 5. Be2 Nc6 6. Ne5 Nxe5 7. dxe5 Nd7 8. f4
Be7 9. O-O O-O 10. Bg4 Nb6 11. Ne2 f6 12. exf6 Bxf6 13. c3 e5 14. f5 Bg5 15.
Qb3 Nc4 16. e4 Bxc1 17. Rfxc1 Ne3 18. Bf3 c4 19. Qb4 dxe4 20. Bxe4 Qc7 21. Ng3
a5 22. Qa3 Qb6 23. Kh1 Ng4 24. Bd5+ Kh8 25. Qxf8# 1-0

[Event "K41 Foraars EMT Basis 1 2009"]
[Site "Valby"]
[Date "2009.05.12"]
[Round "7"]
[White "Karup, Jesper"]
[Black "Nielsen, Jais Norgaard"]
[Result "0-1"]
[WhiteElo "1682"]
[BlackElo "1587"]
[PlyCount "44"]
[EventDate "2009.??.??"]

1. e4 e5 2. Nf3 Nc6 3. Bb5 a6 4. Ba4 Nf6 5. Qe2 b5 6. Bb3 d6 7. c3 Bg4 8. O-O
Be7 9. d3 h6 10. Bd2 Na5 11. Bc2 c5 12. a4 Nc6 13. Na3 b4 14. Nc4 a5 15. Be3 g5
16. Ncd2 Bh5 17. Qe1 g4 18. Nh4 Nxe4 19. Nf5 Nxd2 20. Qxd2 Bg6 21. Nxe7 Qxe7
22. Bxh6 Qh4 0-1

[Event "K41 Foraars EMT Basis 1 2009"]
[Site "Valby"]
[Date "2009.05.12"]
[Round "7"]
[White "Krull, Carl"]
[Black "Weber, John"]
[Result "1/2-1/2"]
[WhiteElo "1512"]
[BlackElo "1702"]
[PlyCount "37"]
[EventDate "2009.??.??"]

1. e4 e5 2. Nf3 Nc6 3. Bc4 Bc5 4. Nc3 Nf6 5. d3 d6 6. Bg5 Be6 7. Nd5 h6 8. Be3
O-O 9. Qd2 Bxe3 10. fxe3 Nh7 11. a3 Ne7 12. O-O-O a6 13. Rdf1 b5 14. Nxe7+ Qxe7
15. Bxe6 Qxe6 16. h4 a5 17. Qc3 c5 18. Qb3 Qxb3 19. cxb3 1/2-1/2

[Event "K41 Foraars EMT Basis 1 2009"]
[Site "Valby"]
[Date "2009.05.12"]
[Round "7"]
[White "Eiholt, Bjarne"]
[Black "Nielsen, Jorgen Holmstrom"]
[Result "1/2-1/2"]
[WhiteElo "1517"]
[BlackElo "1614"]
[PlyCount "78"]
[EventDate "2009.??.??"]

1. d4 Nf6 2. c4 e6 3. Nc3 Bb4 4. Qc2 c5 5. dxc5 Bxc5 6. Nf3 O-O 7. Bg5 Be7 8.
e3 d6 9. Be2 Ne8 10. Bxe7 Qxe7 11. O-O Bd7 12. Rad1 Nc6 13. a3 Rc8 14. Rd2 a6
15. Rfd1 f5 16. Qb3 Nd8 17. Ne5 Bc6 18. Nxc6 Nxc6 19. e4 Kh8 20. c5 Na5 21. Qc2
Rxc5 22. b4 Rc6 23. bxa5 fxe4 24. Qb3 Qf6 25. Nxe4 Qf7 26. Bf3 d5 27. Ng3 Rc5
28. Rc2 Rb5 29. Qc3 Nd6 30. Qc7 Qxc7 31. Rxc7 Rxa5 32. Nh5 g6 33. Ng7 Rxa3 34.
Nxe6 Re8 35. Bxd5 Nb5 36. Rcc1 Nc3 37. Nc7 Nxd1 38. Nxe8 Nc3 39. Bf3 b5 1/2-1/2

[Event "K41 Foraars EMT Basis 1 2009"]
[Site "Valby"]
[Date "2009.05.12"]
[Round "7"]
[White "Mouritsen, Jan"]
[Black "Ibsen, Johan"]
[Result "1/2-1/2"]
[WhiteElo "1561"]
[BlackElo "1743"]
[PlyCount "80"]
[EventDate "2009.??.??"]

1. e4 e6 2. d4 d5 3. Nc3 Nf6 4. Bg5 Be7 5. e5 Nfd7 6. Bxe7 Qxe7 7. f4 a6 8. Nf3
c5 9. Qd2 Nc6 10. dxc5 Nxc5 11. O-O-O Bd7 12. Qe3 Rc8 13. f5 exf5 14. Nxd5 Qf8
15. Nb6 Qe7 16. Nxc8 Bxc8 17. Bd3 O-O 18. Qf4 Nb4 19. Bxf5 Nxa2+ 20. Kb1 Be6
21. Bxe6 Nxe6 22. Qa4 Nb4 23. Rd2 Rc8 24. Rhd1 Qc5 25. c3 Nc6 26. Nd4 Ncxd4 27.
cxd4 Qd5 28. Ka1 b5 29. Qa2 Qe4 30. Qb1 Qd5 31. Rc1 Rc4 32. Rxc4 bxc4 33. Qd1
Qa5+ 34. Kb1 Nf4 35. Qf3 Nd5 36. Qf5 g6 37. Qc8+ Kg7 38. Qxc4 Qxd2 39. Qxd5
Qd1+ 40. Ka2 Qa4+ 1/2-1/2